The Emergence of Zionist Thought : (Record no. 614810)

MARC details
000 -LEADER
fixed length control field 00536nam a2200193 a 4500
008 - FIXED-LENGTH DATA ELEMENTS--GENERAL INFORMATION
fixed length control field 260220s1986##################000#0#eng##
020 ## - INTERNATIONAL STANDARD BOOK NUMBER
ISBN 9780820416007
082 04 - DEWEY DECIMAL CLASSIFICATION NUMBER
Classification number 320.54095694
Item number PEN.3
100 1# - MAIN ENTRY--AUTHOR NAME
Personal name Penkower, Monty Noam,
245 10 - TITLE STATEMENT
Title The Emergence of Zionist Thought :
260 ## - PUBLICATION, DISTRIBUTION, ETC. (IMPRINT)
Name of publisher Peter Lang Pub Incorporated,
Year of publication 1986.
300 ## - PHYSICAL DESCRIPTION
Number of Pages 159 pages
650 #0 - SUBJECT ADDED ENTRY--TOPICAL TERM
Topical Term Political Science.
942 ## - ADDED ENTRY ELEMENTS (KOHA)
Koha item type English Books
Holdings
Withdrawn status Lost status Damaged status Not for loan Home library Current library Shelving location Date acquired Full call number Accession Number Price effective from Koha item type
        Anna Centenary Library Anna Centenary Library 3RD FLOOR, B WING 20.02.2026 320.54095694 PEN.3 219876 20.02.2026 English Books

Find us on the map